Hình thái học đô thị
Sách nghiên cứu các vấn đề liên quan đến đô thị và nghiên cứu hình thái đô thị điển hình tại Việt Nam qua đó nhấn mạnh các yếu tố làm nên đặc trưng cơ bản của cấu trúc không gian đô thị Việt Nam....
Spremljeno u:
| Glavni autor: | |
|---|---|
| Format: | Knjiga |
| Jezik: | Undetermined |
| Izdano: |
Hà Nội
Xây dựng
2017
|
| Teme: | |
| Oznake: |
Dodaj oznaku
Bez oznaka, Budi prvi tko označuje ovaj zapis!
|
| Thư viện lưu trữ: | Trung tâm Học liệu Trường Đại học Cần Thơ |
|---|
| LEADER | 00866nam a2200205Ia 4500 | ||
|---|---|---|---|
| 001 | CTU_230866 | ||
| 008 | 210402s9999 xx 000 0 und d | ||
| 020 | |c 125000 | ||
| 082 | |a 711 | ||
| 082 | |b Kh452 | ||
| 100 | |a Doãn, Minh Khôi | ||
| 245 | 0 | |a Hình thái học đô thị | |
| 245 | 0 | |c Doãn Minh Khôi | |
| 260 | |a Hà Nội | ||
| 260 | |b Xây dựng | ||
| 260 | |c 2017 | ||
| 520 | |a Sách nghiên cứu các vấn đề liên quan đến đô thị và nghiên cứu hình thái đô thị điển hình tại Việt Nam qua đó nhấn mạnh các yếu tố làm nên đặc trưng cơ bản của cấu trúc không gian đô thị Việt Nam. | ||
| 650 | |a Đô thị,Hình thái học,Cities,Morphology | ||
| 910 | |b vtbtruc | ||
| 980 | |a Trung tâm Học liệu Trường Đại học Cần Thơ | ||